Générique Équipières de choc - Paroles - Statistiques

Statistiques générales
  • Ce quiz a été pris 4 fois
  • Le résultat moyen est 10 sur 12
Statistiques - réponses
Paroles % Correct
Ces deux {filles} n'ont pas peur
100%
Elles n'ont pas le {choix}
100%
Elles sont équipières de {choc}
100%
Équipières de {choc}
100%
Équipières de {choc}
100%
Équipières de {choc}
100%
Imposant la {loi}
100%
De faire face à tous les {dangers}
75%
Tous les jours veillent sur la {ville}
75%
Olivia et {Laura}
50%
C'est leur {destinée}
25%
La patrouille {défile}
25%
Aucun quiz correspondant
Distribution des résultats
% des personnes avec chaque résultat
Percentile par nombre de réponses
Votre historique - résultats
Vous n’avez pas pris ce quiz